| 000 | 00510nam a22001697a 4500 | ||
|---|---|---|---|
| 008 | 230324b |||||||| |||| 00| 0 eng d | ||
| 020 | _a0-88022-559-9 | ||
| 040 |
_aNational Science Library _cNational Science Library |
||
| 080 |
_aD 681.3.06 wordperfect _bN0 |
||
| 100 |
_aFox, Marianee B _95037 |
||
| 245 |
_aWordPerfect 5.1: _bWorkbook and disk |
||
| 260 |
_aIndiana: _bQue Corporation, _c1990 |
||
| 300 | _axviii, 421p. | ||
| 650 | _aComputer science | ||
| 653 | _aWordPerfect | ||
| 942 |
_2udc _cBK |
||
| 999 |
_c14465 _d14465 |
||